'C' Logos Quiz Stats

 Plays Quiz Updated Jul 11, 2015

Also try: 'B' Logos
Challenge
Share
Tweet
Score 0/20 Timer 05:00
320 Plays Today
% Correct
Coca-Cola
99.6%
Cartoon Network
90.6%
Corona
85.8%
Boston Celtics
84.1%
Cars
83.1%
CBS
83%
Caterpillar
81.4%
Crayola
76.2%
Chevron
75.5%
Chanel
75.4%
% Correct
Chipotle
74.6%
Converse
67.5%
Cadbury
64.3%
Chelsea Football Club
64.1%
Cisco
59.3%
Chuck E. Cheese's
51.5%
Chevrolet Corvette
47.6%
CIA
39%
Champions League
38.5%
Citroën
37.2%

You're not logged in!

Compare scores with friends on all Sporcle quizzes.
OR
Log In

You Might Also Like...

Show Comments

Extras

Top Quizzes Today


Score Distribution

Your Account Isn't Verified!

In order to create a playlist on Sporcle, you need to verify the email address you used during registration. Go to your Sporcle Settings to finish the process.

Report this User

Report this user for behavior that violates our Community Guidelines.

Details: